Logo Biblioteca

El primer hombre / (Registro nro. 1025)

Detalles MARC
000 -LEADER
fixed length control field 01752nam a22002655a 4500
001 - CONTROL NUMBER
control field 001319571
003 - CONTROL NUMBER IDENTIFIER
control field AR-RoUNCS
005 - DATE AND TIME OF LATEST TRANSACTION
control field 20260521150114.0
007 - PHYSICAL DESCRIPTION FIXED FIELD--GENERAL INFORMATION
fixed length control field ta
008 - FIXED-LENGTH DATA ELEMENTS--GENERAL INFORMATION
fixed length control field 140930s1995 sp |r | spa d
020 ## - INTERNATIONAL STANDARD BOOK NUMBER
International Standard Book Number 84-7223-831-8
040 ## - CATALOGING SOURCE
Original cataloging agency AR-BaBN
Language of cataloging spa
Transcribing agency AR-RoUNCS
041 1# - LANGUAGE CODE
Language code of text/sound track or separate title spa
Language code of original fre
100 1# - MAIN ENTRY--PERSONAL NAME
Personal name Camus, Albert,
Dates associated with a name 1913-1960
Relator term autor
245 13 - TITLE STATEMENT
Title El primer hombre /
Statement of responsibility, etc. Albert Camus ; traducción de Aurora Bernárdez.
250 ## - EDITION STATEMENT
Edition statement 4a ed.
260 ## - PUBLICATION, DISTRIBUTION, ETC.
Place of publication, distribution, etc. Barcelona :
Name of publisher, distributor, etc. Tusquets,
Date of publication, distribution, etc. 1995.
300 ## - PHYSICAL DESCRIPTION
Extent 299 p. ;
Dimensions 21 cm.
490 ## - SERIES STATEMENT
Series statement Andanzas ;
Volume/sequential designation 228
520 ## - SUMMARY, ETC.
Summary, etc. Ese hombre del título sería el padre del niño Jacques Cormery, protagonista de esta historia. Pero de este padre emigrante, que murió en el frente durante la primera guerra mundial y que se había casado con una menorquina analfabeta y casi muda con la que apenas dispuso del tiempo necesario para tener dos hijos, poco se sabrá. Los pobres no tienen historia, o tan sólo aquella que les otorgan las guerras y las revoluciones. El verdadero primer hombre es el hijo : sin padre, educado en un miserable barrio periférico de Argel por una abuela autoritaria, que le inflige castigos corporales ante una madre impotente, exhausta por su trabajo “en casas ajenas”, ¿cómo y por qué caminos llegó ese niño indigente a convertirse en Premio Nobel de Literatura? El caso es que esta novela, que narra cómo ese niño va haciéndose lentamente, construyéndose a sí mismo, tan diferente de lo que cabría esperar de él por sus orígenes, se nos aparece como la historia de la propia niñez de Albert Camus.
650 #7 - SUBJECT ADDED ENTRY--TOPICAL TERM
Source of heading or term embne
Topical term or geographic name entry element Literatura francesa
655 #7 - INDEX TERM--GENRE/FORM
Source of term embne
Genre/form data or focus term Novelas
700 1# - ADDED ENTRY--PERSONAL NAME
Personal name Bernárdez, Aurora,
Dates associated with a name 1920-2014
Relator term traductora
942 ## - ADDED ENTRY ELEMENTS (KOHA)
Source of classification or shelving scheme Universal Decimal Classification
Koha item type Obra General
Suppress in OPAC No
Existencias
Withdrawn status Lost status Source of classification or shelving scheme Damaged status Not for loan Collection Home library Current library Date acquired Source of acquisition Total checkouts Full call number Barcode Date last seen Price effective from Koha item type
    Universal Decimal Classification     Colección General Biblioteca Escuela de Ciencias Sociales Biblioteca Escuela de Ciencias Sociales 21/05/2026 Donación   82-31(44) C211 000978 21/05/2026 21/05/2026 Obra General
Biblioteca de la Escuela Preuniversitaria en Ciencias Sociales y Humanísticas.
Riobamba 250 bis.
CP 2000 - Rosario - Santa Fe
E-Mail: biblioteca@esociales.unr.edu.ar